STN EN 81-41: 2011 (27 4003) Bezpečnostné pravidlá na konštrukciu a montáž výťahov. Špeciálne výťahy na prepravu osôb a nákladov Časť 41 Zvislé zdvíhacie plošiny určené na používanie osobami so zníženou pohyblivosťou

Táto norma je slovenskou verziou európskej normy EN 81-41: 2010. Preklad zabezpečil Slovenský ústav technickej normalizácie. Má rovnaké postavenie ako majú oficiálne verzie

Podrobná bibliografia
Korporatívny autor: HABYTER (Nitra, Slovensko) (Autor)
Ďalší autori: Lohyňa, Ján (Prekladateľ)
Médium: Kniha
Jazyk:slovenčina
angličtina
Fyzický popis:90 s. obr., tab. 30 cm
Vydavateľské údaje: Bratislava Slovenský ústav technickej normalizácie 2011
Predmet:

MARC

LEADER 00000nam a2200000 a 4500
001 vtls010290397
003 SK-MaSNL
005 20260301031858.0
008 160628s2011 xo ka f u 000 0 slo
015 |a SNBN2013 
020 |c (cen. skup. 17) 
040 |a SNK  |b slo  |c SNK  |e AACR2 
041 1 |a slo  |h eng 
044 |a xo  |c SK 
046 |a s  |m 201107 (účin.) 
072 7 |a 621  |x Strojárstvo  |2 konspekt 
080 |a 621.876.114  |2 2001 
080 |a 331.45  |2 2001 
080 |a 006.7/.8  |2 2001 
080 |a (437.6)  |2 2001 
080 |a (4)  |2 2001 
084 |a 11.180.10  |2 ICS 
084 |a 91.140.90  |2 ICS 
130 0 |a STN 27 4003 (STN EN 81-41)  |9 328141 
245 1 0 |a STN EN 81-41: 2011 (27 4003) Bezpečnostné pravidlá na konštrukciu a montáž výťahov. Špeciálne výťahy na prepravu osôb a nákladov  |n Časť 41  |p Zvislé zdvíhacie plošiny určené na používanie osobami so zníženou pohyblivosťou 
246 1 0 |a Bezpečnostné pravidlá na konštrukciu a montáž výťahov 
246 1 0 |a Špeciálne výťahy na prepravu osôb a nákladov. Časť 41 
246 1 0 |a Zvislé zdvíhacie plošiny určené na používanie osobami so zníženou pohyblivosťou 
246 3 0 |a EN 81-41: 2010 E 
260 |a Bratislava  |b Slovenský ústav technickej normalizácie  |c 2011 
300 |a 90 s.  |b obr., tab.  |c 30 cm 
500 |a Súbežný názov v angličtine, francúzštine, nemčine 
500 |a Spracovateľ HABYTER Nitra, Ján Lohyňa 
504 |a Citované normy, súvisiace právne predpisy s. 2 ; literatúra s. 90 
520 8 |a Táto norma je slovenskou verziou európskej normy EN 81-41: 2010. Preklad zabezpečil Slovenský ústav technickej normalizácie. Má rovnaké postavenie ako majú oficiálne verzie 
540 |a STN vydané na akomkoľvek nosiči sa môžu rozmnožovať a rozširovať iba so súhlasom určenej právnickej osoby  |b SÚTN Bratislava  |c zákon 264/1999 Z.z. 
650 0 7 |a výťahy  |2 SVKBBPH  |9 2778 
650 0 7 |a bezpečnostné požiadavky  |2 SVKBBPH  |9 292186 
650 0 7 |a technické normy a štandardy  |z Slovensko  |2 SVKBBPH  |9 79594 
650 0 7 |a technické normy a štandardy  |z krajiny Európskej únie  |2 SVKBBPH  |9 289341 
650 0 7 |a Osobné výťahy  |2 SVKBBPH  |9 328142 
655 7 |a normy  |2 SVKBBPH  |9 70643 
700 1 |a Lohyňa, Ján  |4 trl  |9 322228 
710 2 |a HABYTER (Nitra, Slovensko)  |4 aut  |9 322229 
710 2 |a Slovenský ústav technickej normalizácie (Bratislava, Slovensko).  |b Technická komisia č. 98 Výťahy, pohyblivé schody a chodníky  |4 stn  |9 318926 
852 |a Štátna vedecká knižnica v Banskej Bystrici 
958 |a NB 
958 |a OP 
999 |c 577471  |d 579401 
952 |a SNK  |b SNK  |y PREZ  |7 0  |p 17A0710264  |o snkSTN EN 81-41 D1  |i snk2011/16078  |8 0  |0 0  |1 0  |4 0  |d 2011-07-25  |l 0  |r 2026-02-23 14:38:21  |w 2026-02-23 
952 |a SNK  |b SNK  |y PREZ  |7 0  |p 17A0710263  |o snkSTN EN 81-41  |i snk2011/16077  |8 0  |0 0  |1 0  |4 0  |d 2011-07-25  |l 0  |r 2026-02-23 14:38:21  |w 2026-02-23